000 00589nam a2200181Ia 4500
008 090124s9999 xx 000 0 und d
082 _b4749
_a3065
100 _aकाकोडकर चंद्रकांत कल्याणदास
245 _a अलका
250 _a1
260 _c1932
300 _a160
600 _aकाकोडकर चंद्रकांत कल्याणदास
630 _a अलका
700 _aकाकोडकर चंद्रकांत कल्याणदास
730 _a अलका
942 _cBOOK
999 _c118690
_d118690